Prievidza námestie

Zobrazenie: Pohľad v bielom orámovaní zhora na námestie. V pozadí aj vpravo na okraji námestia vidno rady mešitanskych domov. V popredí dolu na zábere vidno listnaté stromy. Vpravo sú na okraji chodníka pred budovami nasadené listnaté stromy. Vpravo je zaparkovaný nákladný automobil. Vľavo v pozadí...

Full description

Bibliographic Details
Format: Postcard
Language:Slovak
PhysicalDescription:1 pohľadnica čiernobiela 10 x 15 cm
Published: Prievidza M. Klimko [1928?]
Subjects:

MARC

LEADER 00000ckm a2200000 a 4500
001 vtls008187952
003 SK-MaSNL
005 20260512130142.0
007 kp bo
008 240703q1928 xo g kuslo
015 |a SNBG1928 
035 |a urn:nbn:sk:snk-km00du6n 
035 |a urn:nbn:sk:snk-km3ltvd 
035 |a 6FDB1C31-59BA-4210-9F33-23AEB69D30BF 
040 |a SNK  |b slo  |c SNK  |e AACR2 
041 0 |a slo 
043 |a e-xo--- 
044 |a xo  |c SK 
072 7 |a 913  |x Regionálna geografia  |2 konspekt 
080 |a 913(437.6)  |2 2011 
080 |a (084.121)  |2 2011 
080 |a 711.61  |2 2011 
245 0 0 |a Prievidza  |h grafika  |b námestie 
260 |a Prievidza  |b M. Klimko  |c [1928?]  |e [Prešov]  |f Lichtig 
300 |a 1 pohľadnica  |b čiernobiela  |c 10 x 15 cm 
520 8 |a Zobrazenie: Pohľad v bielom orámovaní zhora na námestie. V pozadí aj vpravo na okraji námestia vidno rady mešitanskych domov. V popredí dolu na zábere vidno listnaté stromy. Vpravo sú na okraji chodníka pred budovami nasadené listnaté stromy. Vpravo je zaparkovaný nákladný automobil. Vľavo v pozadí je konský povoz. V pozadí za budovami vidno vysoké komíny a okolitú prírodu okolo mesta 
650 0 7 |a námestia  |2 SNKPH  |9 26291 
651 7 |a Prievidza (Slovensko)  |2 SNKPHgeo  |9 25558 
655 7 |a miestne pohľadnice  |2 SNKPH  |9 70510 
852 |a Slovenská národná knižnica 
958 |a EUIPO 
958 |a GBN 
958 |a GC 
958 |a OND 
999 |c 1163597  |d 1165527 
952 |a SNK  |b SNK  |y PREZ  |7 0  |p 17A0481197  |o snkSP 20176  |3 rekatalogizácia  |z Pohľadnica prešla poštou.  |0 0  |1 0  |4 0  |d 2005-08-03  |f 1  |l 0  |r 2026-02-24 20:40:47  |w 2026-02-24